Office and administrative management: Systems and analysis data processing and office services (Record no. 30573)

MARC details
000 -LEADER
fixed length control field 00360nam a2200121Ia 4500
082 ## - DEWEY DECIMAL CLASSIFICATION NUMBER
Classification number 651
Item number LIT
100 ## - MAIN ENTRY--AUTHOR NAME
Personal name Littefield, C L
245 #0 - TITLE STATEMENT
Title Office and administrative management: Systems and analysis data processing and office services
250 ## - EDITION STATEMENT
Edition statement 3
260 ## - PUBLICATION, DISTRIBUTION, ETC. (IMPRINT)
Place of publication New Delhi
Name of publisher Prentice hall
Year of publication 1976
942 ## - ADDED ENTRY ELEMENTS (KOHA)
Koha item type Books
Holdings
Withdrawn status Lost status Damaged status Not for loan Home library Current library Date acquired Cost, normal purchase price Full call number Accession Number Koha item type
        RRII Library RRII Library 16/12/2021 22.00 651 LIT 11144 Books